000 00699nam a2200169 4500
001 111253
003 ES-MaACL
005 20230906185254.0
007 t|
008 061121s1950 ag r ||||1| spa d
100 1 _aNájera Angulo, Luis.
_984870
245 1 3 _aLa oviposición de Ormithodoros Erraticus ( Lucas , 1849) en condiciones experimentales y algunas observaciones sobre su biología /
_cDr. Luis Nájera.
260 _aSanta Fé ( Argentina) :
_b[s.n],
_c1950 (
_fImp. Universidad Nacional del Litera)
300 _a14 h. 1 lám.1 gráf. pleg. ;
_c26 cm.
500 _aEs separata de Anales de Medicina Públia. Vol. II. Nº 3-4, pág. 503-529.
852 _aES-MaACL
_j1941-F-19
_bR.31662
999 _c111253
_d111253